• 首页
  • 本馆介绍
  • 公告通知
  • 最新文献
  • 馆藏检索
  • 电子资源
  • 读者导购
  • 参考咨询
  • 我的图书馆
  • 登录
  • 详细信息显示
  • 放入我的书架
  • 预约/预借图书
  • 作者相关作品
  • 分类相关作品
  • 丛书相关作品
  • 出版社相关作品

书目信息

  • 表格格式
  • 工作单格式
  • 卡片格式
题名:
乳与乳制品工艺学
    
 
作者: 骆承痒
分册:  
出版信息:   农业出版社  1992.10
页数: 283页
开本: 16开
丛书名:
单 册:
中图分类: TS252.4
科图分类:
主题词: 食品工业
电子资源:
ISBN: 978-7-5026-2484-8
000 00525nam0 2200193 45
001 0308271084
005 20030827105648.2
010    @a978-7-5026-2484-8@dRMB14.50
100    @a20030827d1992 km y0chiy0120 ea
101    @achi
105    @a z 000yy
200 1  @a乳与乳制品工艺学@Aru yu ru zhi pin gong yi xue@f骆承痒@Fluo cheng yang
210    @c农业出版社@d1992.10
215    @a283页@c无图表@d16开
606 0  @a食品工业
690    @aTS252.4@v3
701  0 @a骆承痒
801    @aCN@b@c20030827
905    @aBZT@dTS252.4@e92
    
    乳与乳制品工艺学/骆承痒.-农业出版社,1992.10
    283页:无图表;16开
    
    
    ISBN 978-7-5026-2484-8:RMB14.50
    
●
相关链接 在五车中查询图书 在当当中查询图书 在豆瓣中查询图书


正题名:乳与乳制品工艺学     索取号:TS252.4/92         预约/预借

序号 登录号 条形码 馆藏地/架位号 状态 备注
1 74919   200297482   中心书库中库/ 中库025架A面5列3层11/ [索取号:TS252.4/92] 在馆    
2 74920   200297561   中心书库中库/ 中库025架A面5列3层6/ [索取号:TS252.4/92] 在馆    
3 74921   200297428   中心书库中库/ 中库025架A面5列3层7/ [索取号:TS252.4/92] 在馆    
4 74922   200297507   中心书库中库/ 中库025架A面5列3层8/ [索取号:TS252.4/92] 在馆    
5 74923   200297589   中心书库中库/ 中库025架A面5列3层2/ [索取号:TS252.4/92] 在馆    
6 74924   200297623   中心书库中库/ 中库025架A面5列3层4/ [索取号:TS252.4/92] 在馆    
7 74925   200297605   中心书库中库/ 中库025架A面5列3层5/ [索取号:TS252.4/92] 在馆    
8 74926   200297446   中心书库中库/ 中库025架A面5列3层3/ [索取号:TS252.4/92] 在馆    
9 74927   200297641   中心书库中库/ 中库025架A面5列3层10/ [索取号:TS252.4/92] 在馆    
10 74928   200297464   中心书库中库/ 中库025架A面5列3层14/ [索取号:TS252.4/92] 在馆    
11 74929   200297570   中心书库中库/ 中库025架A面5列3层9/ [索取号:TS252.4/92] 在馆    
12 74930   200297400   中心书库中库/ 中库025架A面5列3层15/ [索取号:TS252.4/92] 在馆    
13 74931   200297614   中心书库中库/ 中库025架A面5列3层1/ [索取号:TS252.4/92] 在馆    
14 74932   200297598   中心书库中库/ 中库025架A面5列3层12/ [索取号:TS252.4/92] 在馆    
15 74933   200297543   中心书库中库/ 中库025架A面5列3层13/ [索取号:TS252.4/92] 在馆    
山东省滨州职业学院图书馆 欢迎您!
大连网信软件有限公司© 版权所有